000 00364nam a22001217a 4500
999 _c23745
_d23745
003 Nust
005 20170525113757.0
008 140103b xxu||||| |||| 00| 0 eng d
010 _a96-37160
020 _a0131889230
_cAvailable
040 _aDLC
_bDLC
_cRCMS
082 _28th, ed.
_a003 TAH
100 _aHAMDY A. TAHA
_91230
245 _aOperation Research An Introduction
_hEnglish
250 _a8th, ed.
260 _aUSA
_bPrentice-Hall, Inc.
_cc2003.
300 _axx, 813 p. :
_bill, ;
_c26 cm.
538 _iShelf # 12, Row # 1, System Engineering. Shelf # 12, Row # 2, System Engineering.
650 _aComputer Software
_91229
856 _3Table of Contents Only.
942 _2ddc
_cBK
_k003 TAH